Szczegóły MARC21

Arteterapia : narodziny idei, ewolucja teorii, rozwój praktyki /

003 -Nazwa inst., której nr kontr. jest w polu 001 [,]
    • @
    • Nazwa instytucji, której n kontrolny jest w polu 001
    • NUKAT
005 -DATA I CZAS OSTATNIEJ MODYFIKACJI [,]
    • @
    • pole kontrolne
    • 20241231091624.0
020 -Międzynarod. znormalizowany nr książki - ISBN [ , ]
    • a
    • Numer ISBN
    • 9788376414119 Find
040 -Instytucja sporządzająca opis [ , ]
    • a
    • Instytucja, która sporządziła opis (NP)
    • WR U/kc
    • c
    • Instytucja, która sporządziła rekord (NP)
    • WR U/kc
    • d
    • Instytucja, która zmodyfikowała rekord (P)
    • WR U/jd
    • d
    • Instytucja, która zmodyfikowała rekord (P)
    • GD U/EPs
    • d
    • Instytucja, która zmodyfikowała rekord (P)
    • GD 27/MDUs
942 -Rodzaj dokumentu [ , ]
    • c
    • Rodzaj dokumentu
    • Książka
100 -Hasło główne - nazwa osobowa [1, ]
    • a
    • Nazwa osobowa (NP)
    • Szulc, Wita
    • d
    • Daty biograficzne (NP)
    • (1941-2021).
    • 9
    • KHW
    • 254206
245 -Strefa tytułu i oznaczenia odpowiedzialności [1,0]
    • a
    • Tytuł
    • Arteterapia : Find
    • b
    • Ciąg dalszy tytułu (NP)
    • narodziny idei, ewolucja teorii, rozwój praktyki / Find
    • c
    • Pozostałe elementy strefy tytułu i oznaczenia odpowiedzialności (NP)
    • Wita Szulc.
260 -Strefa adresu wydawniczego [ , ]
    • a
    • Miejsce wydania (P)
    • Warszawa :
    • b
    • Nazwa wydawcy (P)
    • "Difin",
    • c
    • Data wydania (P)
    • 2011.
300 -Strefa opisu fizycznego [ , ]
    • a
    • Określenie formy książki i/lub objętość (NP)
    • 219 s. ;
    • c
    • Format (NP)
    • 23 cm.
336 -Typ zawartości [ , ]
    • a
    • Termin opisujący typ zawartości
    • Tekst
    • b
    • Kod określający zawartość
    • txt
    • 2
    • Źródło (terminu i kodu)
    • rdacontent
337 -Typ mediów [ , ]
    • a
    • Tryb odtwarzania
    • Bez urządzenia pośredniczącego
    • b
    • Kod typu mediów
    • n
    • 2
    • Źródło (terminu i kodu)
    • rdamedia
338 -Typ/rodzaj nośnika [ , ]
    • a
    • Hasło opisujące typ nośnika
    • Wolumin
    • b
    • Kod typu nośnika
    • nc
    • 2
    • Źródło (terminu i kodu)
    • rdacarrier
490 -Strefa serii i książki wielotomowej - forma nie do wyszukiwania [1, ]
    • a
    • Tytuł (P)
    • Engram Find
830 -Hasło dodatkowe serii i opisu książki wielotomowej - tytuł ujednolicony/tytuł [ ,0]
    • a
    • Tytuł ujednolicony/tytuł (NP)
    • Engram
    • 9
    • KHW
    • 12930
504 -Uwaga dot. bibliogr. załącznikowej [ , ]
    • a
    • Uwaga dot. bibliografii załącznikowej
    • Bibliogr. s. [203]-215. Indeks.
080 -Uniwersalna Klasyfikacja Dziesiętna [ , ]
    • 2
    • Identyfikator wydania tablic
    • UDC-P058
    • 9
    • UKD
    • 4649
    • a
    • Symbol klasyfikacji
    • 615.851
    • b
    • Dopowiedzenie
    • Psychoterapia. Psychoanaliza jako terapia.
    • 4
    • UKD2
    • 25173
    • x
    • Poddział wspólny
    • "71"
    • c
    • Dopowiedzenie poddz. wspólnego
    • "Ewolucja. Rozwój. Postęp."
080 -Uniwersalna Klasyfikacja Dziesiętna [ , ]
    • 2
    • Identyfikator wydania tablic
    • UDC-P058
    • 9
    • UKD
    • 5981
    • a
    • Symbol klasyfikacji
    • 7.071.4
    • b
    • Dopowiedzenie
    • Nauczyciele, instruktorzy przedmiotów artystycznych.
    • 4
    • UKD2
    • 25173
    • x
    • Poddział wspólny
    • "71"
    • c
    • Dopowiedzenie poddz. wspólnego
    • "Ewolucja. Rozwój. Postęp."
080 -Uniwersalna Klasyfikacja Dziesiętna [ , ]
    • 2
    • Identyfikator wydania tablic
    • UDC-P058
    • 9
    • UKD
    • 5986
    • a
    • Symbol klasyfikacji
    • 7.077
    • b
    • Dopowiedzenie
    • Działalność amatorska.
    • 4
    • UKD2
    • 25173
    • x
    • Poddział wspólny
    • "71"
    • c
    • Dopowiedzenie poddz. wspólnego
    • "Ewolucja. Rozwój. Postęp."
080 -Uniwersalna Klasyfikacja Dziesiętna [ , ]
    • 2
    • Identyfikator wydania tablic
    • UDC-P058
    • 9
    • UKD
    • 3815
    • a
    • Symbol klasyfikacji
    • 37.013.43
    • b
    • Dopowiedzenie
    • Pedagogika kultury.
    • 4
    • UKD2
    • 25173
    • x
    • Poddział wspólny
    • "71"
    • c
    • Dopowiedzenie poddz. wspólnego
    • "Ewolucja. Rozwój. Postęp."
080 -Uniwersalna Klasyfikacja Dziesiętna [ , ]
    • 2
    • Identyfikator wydania tablic
    • UDC-P058
    • 9
    • UKD
    • 3965
    • a
    • Symbol klasyfikacji
    • 379.82
    • b
    • Dopowiedzenie
    • Czas wolny i rekreacja w domu i pomieszczeniach zamkniętych. Zajęcia kulturalne. Hobby. Kolekcjonerstwo jako hobby.
    • 4
    • UKD2
    • 25173
    • x
    • Poddział wspólny
    • "71"
    • c
    • Dopowiedzenie poddz. wspólnego
    • "Ewolucja. Rozwój. Postęp."
650 -Hasło przedmiotowe [ ,7]
    • a
    • Hasło przedmiotowe
    • Arteterapia.
    • 2
    • Źródło terminu
    • kaba
    • 9
    • KHW
    • 133398
980 -Symbol UKD [ , ]
    • a
    • UKD
    • 615.851:7.071.4:7.077:37.013.43:379.82]"71"
710 -Hasło dodatkowe - nazwa ciała zbiorowego [2, ]
    • a
    • Nazwa ciała zbiorowego lub nazwa geograficzna jako pierwszy element (NP)
    • Difin.
    • 4
    • Kod relacji
    • pbl
    • 9
    • KHW
    • 52248
920 -ISBN [ , ]
    • a
    • ISBN
    • 978-83-7641-411-9 Find
Data inwentaryzacji Status udost. Lokalizacja Numer inwentarzowy
2011-06-291BGZ.115512
2011-07-12-3BGWM.12659
2011-07-12-3BGWM.12660
2011-07-12-3BGWM.12661